000 00304nam a2200133 i 4500
001 bg
100 1 _aCHASPENDŻER, R.
245 0 _aIntegral'naja optika /
_cR. Chaspendżer.
260 _aMoskwa,
_c19835.
040 _cBPK
041 _apol
942 _cKS
008 s pl f |000 0 pol
999 _c28221
_d28221